Gilmore Girls Characters Sudden Death - Statistics

General Stats
  • This quiz has been taken 616 times
  • The average score is 13 of 19
Answers on the Grid
Answers color-coded by a green-red scale on the quiz's grid according to % correct below.
Lorelai Gilmore
C J Cregg
Cary Agos
Emily Gilmore
Bert Kibbler
Sophie Bloom
Rory Gilmore
Mary Crawley
Jess Mariano
Lane Kim
John Watson
Richard Gilmore
Peyton Sanders
Elinor Dashwood
Rabbi Barans
Kirk Gleason
Davey Belleville
Rachel Green
Dave Rygalski
Sookie St James
Doug Ross
Tristin Dugray
Marilyn Gilmore
Willow Rosenberg
Paris Geller
Brian Fuller
Patricia LaCosta
Logan Huntzberger
 
Answer Stats
Answer % Correct
Lorelai Gilmore
88%
Rory Gilmore
88%
Richard Gilmore
87%
Emily Gilmore
86%
Logan Huntzberger
85%
Sookie St James
85%
Jess Mariano
84%
Paris Geller
84%
Lane Kim
83%
Tristin Dugray
80%
Kirk Gleason
79%
Dave Rygalski
74%
Davey Belleville
48%
Marilyn Gilmore
40%
Patricia LaCosta
37%
Brian Fuller
32%
Rabbi Barans
32%
Peyton Sanders
31%
Sophie Bloom
29%
No matching quizzes found
Score Distribution
Percent of People with Each Score
Percentile by Number Answered
Your Score History
You have not taken this quiz